| 000 | 00769nam a2200217Ii 4500 | ||
|---|---|---|---|
| 003 | JO-AjNU | ||
| 008 | 230605s9999||||xx |||||||||||||| ||und|| | ||
| 040 |
_aJO-AjNU _bara _erda _cJO-AjNU |
||
| 041 | _aara | ||
| 050 | 1 | 4 | _aBP145.A4858 1995 |
| 100 | 3 |
_aالعلواني، طه جابر , _eauthor _952579 |
|
| 245 | 0 | 0 | _aأصول الفقه الإسلامي منهج بحث ومعرفة |
| 250 | _aط2/مزيدة ومنقحة | ||
| 264 | 3 | 1 | _aفيرجينيا: المعهد العالمي للفكر الاسلامي، 1995 |
| 300 | _a82ص | ||
| 336 |
_atext _btxt _2rdacontent |
||
| 337 |
_aunmediated _bn _2rdamedia |
||
| 338 |
_avolume _bnc _2rdacarrier |
||
| 490 | 0 | _aسلسلة أبحاث علمية1 | |
| 650 | 4 |
_aاصول الفقه الاسلامي _952580 |
|
| 999 |
_aA23300 _c26868 _d26868 |
||